Valtiot, joiden nimessä on F - Statistics

Yleistilastot
  • Tätä visaa on pelattu 2 899 kertaa
  • Keskiarvotulos 4 / 6
Vastaustilastot
valtio % Oikein
Fidži
83%
Filippiinit
77%
Afganistan
75%
Burkina Faso
43%
Etelä-Afrikka
41%
Keski-Afrikan tasavalta
33%
Ehtoja vastaavia visoja ei löytynyt
Tulosjakauma
Jokaisen tuloksen saaneiden osuus
Persentiili vastausten määrän mukaan
Tuloshistoriasi
Et ole pelannut tätä visaa